[Event "Challenge"]
[Site "http://www.queenalice.com/game.php?id=16044"]
[Date "2005.6.13"]
[Round "-"]
[White "Morbid"]
[Black "Kasparov_Cuba"]
[Result "0-1"]
[WhiteElo "1169"]
[BlackElo "1500"]

1. g4 d6 2. h3 Nc6 3. b3 h6 4. e4 e5 5. c4 Nf6 6. f3 h5 7. g5 Nd7 8. Ba3 Qxg5 9.
h4 Qf6 10. b4 Nd4 11. Nc3 Nb6 12. Nd5 Nxd5 13. cxd5 c6 14. Qa4 b5 15. Qd1 Bb7
16. dxc6 Bxc6 17. Rc1 Be7 18. Rxc6 Nxc6 19. Bxb5 Rc8 20. Ba6 Rb8 21. b5 Nd4 22.
Qc1 O-O 23. Ne2 Nxf3+ 24. Kd1 d5 25. Qc6 Qxc6 26. bxc6 Bxa3 27. Rh3 Rb1+ 28. Kc2
Rb2+ 29. Kd1 Rxd2# 0-1

[Event "AUTO-OPEN-93"]
[Site "http://www.queenalice.com/game.php?id=16072"]
[Date "2005.6.13"]
[Round "1"]
[White "Kasparov_Cuba"]
[Black "littleboo"]
[Result "0-1"]
[WhiteElo "1687"]
[BlackElo "1581"]

1. e4 e5 2. Nf3 Nc6 3. Bc4 Nf6 4. Ng5 d5 5. exd5 Nxd5 6. Nxf7 Kxf7 7. Qf3+ Ke6
8. Nc3 Nb4 9. Qe4 c6 10. a3 Qa5 11. Rb1 Na6 12. d4 Kd7 13. Qxe5 Qc7 14. Qxc7+
Naxc7 15. O-O Nxc3 16. bxc3 Nd5 17. Bxd5 cxd5 18. Rb5 Kc6 19. Rb3 Bf5 20. Re1
Bd6 21. Re2 Rae8 22. Be3 b5 23. h3 a6 24. Kf1 a5 25. g4 Be4 26. Ke1 a4 27. Rb2
Bf3 28. Rd2 Bxa3 29. Ra2 Bd6 0-1

[Event "AUTO-OPEN-93"]
[Site "http://www.queenalice.com/game.php?id=16073"]
[Date "2005.6.13"]
[Round "1"]
[White "littleboo"]
[Black "Kasparov_Cuba"]
[Result "1/2-1/2"]
[WhiteElo "1615"]
[BlackElo "1637"]

1. e4 e5 2. Nf3 Nc6 3. Nc3 Nf6 4. d4 exd4 5. Nxd4 Nxd4 6. Qxd4 c5 7. Qd1 Qe7 8.
Qf3 Qe6 9. Bf4 d5 10. Nb5 Qb6 11. Nc7+ Kd8 12. Nxa8 Qxb2 13. Rd1 Bg4 14. Qb3
Qxb3 15. axb3 Bxd1 16. Kxd1 Nxe4 17. Bc7+ Kd7 18. Bb5+ Kc8 19. Ke1 Bd6 20. f3
Nc3 21. Bxd6 Nxb5 22. Bxc5 Kb8 23. Nb6 axb6 24. Bxb6 Re8+ 25. Kd2 Re6 26. Bf2
Kc7 27. Kd3 Kc6 28. c3 Nd6 29. h3 Rg6 30. Rg1 Nb5 31. Be3 Nc7 32. g4 Rf6 33. f4
Ne6 34. f5 Nc7 35. Bd4 Rh6 36. Rg3 g6 37. Bg7 Rh4 1/2-1/2

[Event "AUTO-OPEN-93"]
[Site "http://www.queenalice.com/game.php?id=16074"]
[Date "2005.6.13"]
[Round "1"]
[White "Kasparov_Cuba"]
[Black "alib2004"]
[Result "0-1"]
[WhiteElo "1693"]
[BlackElo "1723"]

1. e4 c5 2. Nf3 Nc6 3. d4 cxd4 4. Nxd4 e5 5. Nxc6 bxc6 6. Bc4 Nf6 7. Nc3 Bc5 8.
Bg5 h6 9. Bh4 d6 10. O-O O-O 11. Nd5 g5 12. Nxf6+ Qxf6 13. Bg3 Rb8 14. b3 Bd4
15. Rc1 Bb7 16. c3 Bb6 17. Rc2 d5 18. exd5 cxd5 19. Bxd5 Rfd8 20. c4 Bxd5 21.
cxd5 Rd6 22. Re1 Re8 23. Rce2 Bd4 24. Re4 Rxd5 25. Qc1 Rc5 26. Qb1 h5 27. Rxd4
h4 28. Bxh4 gxh4 29. Rg4+ Kf8 30. Qe4 h3 31. gxh3 Ke7 32. Qb7+ Kf8 33. Qxa7 Rc2
34. Qa3+ Re7 35. Rd1 Qxf2+ 36. Kh1 Qxh2# 0-1

[Event "AUTO-OPEN-93"]
[Site "http://www.queenalice.com/game.php?id=16075"]
[Date "2005.6.13"]
[Round "1"]
[White "alib2004"]
[Black "Kasparov_Cuba"]
[Result "0-1"]
[WhiteElo "1723"]
[BlackElo "1657"]

1. e4 e5 2. Nf3 Nc6 3. Bc4 Bc5 4. O-O Nf6 5. d3 h6 6. a3 O-O 7. Be3 Bb6 8. c3 d6
9. Qd2 Be6 10. Bxe6 fxe6 11. Bxh6 gxh6 12. Qxh6 Qe7 13. Ng5 Rae8 14. Nd2 Qg7 15.
Qxg7+ Kxg7 16. Nc4 d5 17. Nxb6 axb6 18. b4 b5 19. f3 d4 20. cxd4 exd4 21. Kf2
Kg6 22. Nh3 Ng4+ 23. Ke2 Ne3 24. Rg1 e5 25. Nf2 Re7 26. h3 Kf7 27. g4 Ke6 28. h4
Kd6 29. h5 Ref7 30. Rg3 Ra8 31. g5 Rh7 32. Rh1 Rxa3 33. g6 Ra2+ 34. Ke1 Nc2+ 35.
Kf1 Rh8 36. g7 Ne3+ 37. Ke1 Rg8 38. Rhh3 Rc2 39. h6 Ra8 0-1

[Event "AUTO-OPEN-93"]
[Site "http://www.queenalice.com/game.php?id=16076"]
[Date "2005.6.13"]
[Round "1"]
[White "Kasparov_Cuba"]
[Black "unRated_K"]
[Result "0-1"]
[WhiteElo "1681"]
[BlackElo "1748"]

1. e4 d5 2. exd5 Qxd5 3. Nc3 Qa5 4. Nf3 Bg4 5. h3 Bh5 6. Be2 e6 7. O-O Nd7 8. d3
O-O-O 9. a3 Ngf6 10. b4 Qf5 11. Be3 Bd6 12. Qd2 Ne5 13. Nh4 Bxe2 14. Nxf5 Bxf1
15. Nxd6+ Rxd6 16. Kxf1 Nc4 17. Qe2 Nxe3+ 18. Qxe3 Kb8 19. Nb5 Rb6 20. Qe5 Rc6
21. c4 Rd8 22. Rd1 a6 23. Nc3 Rcd6 24. d4 b6 25. Ne4 Nxe4 26. Qxe4 c5 27. d5
cxb4 28. axb4 f5 0-1

[Event "AUTO-OPEN-93"]
[Site "http://www.queenalice.com/game.php?id=16077"]
[Date "2005.6.13"]
[Round "1"]
[White "unRated_K"]
[Black "Kasparov_Cuba"]
[Result "1-0"]
[WhiteElo "1733"]
[BlackElo "1696"]

1. d4 d5 2. Nf3 Nc6 3. Bf4 Bf5 4. e3 a6 5. Bd3 Bg6 6. O-O Bxd3 7. cxd3 e6 8.
Nbd2 Nf6 9. Rc1 h6 10. Ne5 Nxe5 11. Bxe5 Be7 12. Rxc7 b5 13. Qc2 O-O 14. Rc1 Bd6
15. Bxd6 Qxd6 16. Nf3 Nd7 17. Rc6 Qb4 18. Ne5 Nxe5 19. dxe5 Rfd8 20. d4 Kh8 21.
a3 Qf8 22. f4 Qe7 23. g3 f6 24. Qg6 Qe8 25. Qxe8+ Rxe8 26. exf6 gxf6 27. Rd6 Kg7
28. Rcc6 Rac8 29. b4 1-0

[Event "AUTO-ADV-48"]
[Site "http://www.queenalice.com/game.php?id=16973"]
[Date "2005.6.22"]
[Round "1"]
[White "Kasparov_Cuba"]
[Black "Catamarca"]
[Result "0-1"]
[WhiteElo "1643"]
[BlackElo "1733"]

1. e4 e5 2. Nf3 Nf6 3. Nxe5 Qe7 4. Nf3 Nxe4 5. Qe2 d5 6. d3 Nd6 7. Qxe7+ Bxe7 8.
h3 Nc6 9. Be2 O-O 10. O-O Be6 11. Ng5 Bxg5 0-1

[Event "AUTO-ADV-48"]
[Site "http://www.queenalice.com/game.php?id=16974"]
[Date "2005.6.22"]
[Round "1"]
[White "Catamarca"]
[Black "Kasparov_Cuba"]
[Result "1-0"]
[WhiteElo "1745"]
[BlackElo "1631"]

1. d4 e6 2. a3 d5 3. Bf4 Nf6 4. e3 a6 5. Nf3 Bd6 6. Bg5 h6 7. Bxf6 Qxf6 8. Bd3
O-O 9. e4 dxe4 10. Bxe4 e5 11. O-O 1-0

[Event "AUTO-ADV-48"]
[Site "http://www.queenalice.com/game.php?id=16975"]
[Date "2005.6.22"]
[Round "1"]
[White "Kasparov_Cuba"]
[Black "alib2004"]
[Result "0-1"]
[WhiteElo "1655"]
[BlackElo "1767"]

1. e4 c5 2. Nf3 Nc6 3. d4 cxd4 4. Nxd4 e5 5. Nxc6 bxc6 6. a3 Nf6 7. Nc3 Bc5 8.
Bg5 Qb6 9. Bd3 Bxf2+ 10. Kf1 h6 11. Bxf6 gxf6 12. Rb1 Bh4 13. Qf3 h5 14. g3 Bg5
15. h4 Qe3 16. Qxe3 Bxe3 17. Ke2 Bd4 18. Rhf1 Ke7 19. Na4 Rg8 0-1

[Event "AUTO-ADV-48"]
[Site "http://www.queenalice.com/game.php?id=16976"]
[Date "2005.6.22"]
[Round "1"]
[White "alib2004"]
[Black "Kasparov_Cuba"]
[Result "1-0"]
[WhiteElo "1754"]
[BlackElo "1668"]

1. e4 e5 2. Nf3 Nc6 3. Bc4 Bc5 4. O-O Nf6 5. Nc3 O-O 6. d3 h6 7. Be3 Bxe3 8.
fxe3 d6 9. a3 Bg4 10. h3 Bh5 11. Nd5 a6 12. Nxf6+ Qxf6 13. c3 Na5 14. Ba2 Rad8
15. b4 Nc6 16. Bd5 Rb8 17. Bxc6 bxc6 18. a4 d5 19. exd5 1-0

[Event "AUTO-ADV-48"]
[Site "http://www.queenalice.com/game.php?id=16977"]
[Date "2005.6.22"]
[Round "1"]
[White "Kasparov_Cuba"]
[Black "tewald"]
[Result "1-0"]
[WhiteElo "1635"]
[BlackElo "1652"]

1. d4 Nf6 2. Nc3 e6 3. Bg5 g6 4. e4 h6 5. Bh4 g5 6. Bg3 Bg7 7. h3 O-O 8. e5 Nd5
9. Nxd5 exd5 10. Bd3 Nc6 11. c3 d6 12. Nf3 dxe5 13. dxe5 Re8 14. O-O Nxe5 15.
Nxe5 Bxe5 16. Bxe5 Rxe5 17. Qf3 Rb8 18. Rfe1 Rxe1+ 19. Rxe1 Kg7 20. Bc2 c6 21.
Qd3 f5 22. g4 Qf6 23. gxf5 Bd7 24. c4 d4 25. Qa3 Re8 26. Rxe8 Bxe8 27. Qxa7 Qe7
28. Qxd4+ Kg8 29. Qe4 Qxe4 30. Bxe4 Kf7 31. Kg2 Kf6 32. Kg3 Ke5 33. Bb1 1-0

[Event "AUTO-ADV-48"]
[Site "http://www.queenalice.com/game.php?id=16978"]
[Date "2005.6.22"]
[Round "1"]
[White "tewald"]
[Black "Kasparov_Cuba"]
[Result "0-1"]
[WhiteElo "1703"]
[BlackElo "1542"]

1. d4 e6 2. c4 d5 3. Nc3 dxc4 4. h3 Nf6 5. Bf4 Bb4 6. e3 Ne4 7. Bxc4 Nxc3 8. Qb3
Nd5+ 9. Ke2 Nxf4+ 10. exf4 Bd6 11. g3 Nc6 12. Nf3 Na5 13. Qc3 Nxc4 14. Qxc4 O-O
15. Rad1 b6 16. d5 Bb7 17. dxe6 fxe6 18. Rhe1 Kh8 19. Kf1 Bxf3 20. Rd3 Bd5 0-1

[Event "Challenge"]
[Site "http://www.queenalice.com/game.php?id=17264"]
[Date "2005.6.24"]
[Round "-"]
[White "Kasparov_Cuba"]
[Black "Pentotal"]
[Result "0-1"]
[WhiteElo "1699"]
[BlackElo "2040"]

1. e4 e5 2. Nf3 Nc6 3. Bc4 Bc5 4. O-O Nf6 5. Nc3 d6 6. h3 O-O 7. d3 Na5 8. Bb3
Nxb3 9. axb3 a5 10. Bg5 c6 11. d4 exd4 12. Nxd4 Re8 13. Na4 h6 14. Bxf6 Qxf6 15.
Nxc5 dxc5 16. Nf3 Bxh3 17. gxh3 Rad8 18. Qe2 Qg6+ 19. Kh1 Rxe4 20. Nh4 Rxh4 21.
Qf3 Qxc2 22. Rxa5 Qd3 0-1

[Event "Challenge"]
[Site "http://www.queenalice.com/game.php?id=17265"]
[Date "2005.6.24"]
[Round "-"]
[White "Pentotal"]
[Black "Kasparov_Cuba"]
[Result "1-0"]
[WhiteElo "2049"]
[BlackElo "1666"]

1. e4 e5 2. Nf3 Nc6 3. Bc4 Bc5 4. Nc3 Nf6 5. d3 h6 6. O-O O-O 7. Be3 Bb6 8. Nd5
d6 9. Nxb6 axb6 10. c3 Bg4 11. h3 Bh5 12. Bb5 d5 13. exd5 Nxd5 14. Re1 Re8 15.
Bd2 Nf6 16. g4 Bg6 17. Bxc6 bxc6 18. Nxe5 Bh7 19. Qb3 Kh8 20. Nxf7+ Kg8 21.
Nxd8+ 1-0